Регионална библиотека "Любен Каравелов" - Русе

Lexique anglais, francais, grec des sports olympiques (Запис номер 112137)

MARC детайли
000 -Лидер
Контролно поле с фиксирана дължина 01453nam a2200361 c 4500
003 - Код на организацията, давaща контролен номер
Контролно поле BLK
005 - Дата и час на последна редакция
Контролно поле 20180420230805.0
008 - Елементи от данни с фиксирана дължина
fixed length control field 180409b bul|||||r ||||||| ||bul||
010 ## - Наследен системен номер
LC control number KNG00117500000
020 ## - Международен стандартен номер на книга ISBN
Международен стандартен номер на книга ISBN 2-86580-150-0
-- издат.: INSEP
020 ## - Международен стандартен номер на книга ISBN
Международен стандартен номер на книга ISBN 2-86580-147-0
-- издат.: INSEP - на том
040 ## - Източник на каталожния запис
Идентификатор на билиотеката - собственик на записа BLK
041 ## - Код за език
Код за езика на текст/звукозапис или на отделно заглавие Английски
Код за езика КДБФ Английски
Други езици Френски
080 ## - УДК
Текстов определител УДК Олимпийско движение. Олимпийски игри
УДК код - определител по УДК 796.032
УДК определител (038)=20=40=774
УДК - код + определител 796.032(038)=20=40=774
080 ## - УДК
Текстов определител УДК Различни категории думи
УДК код - определител по УДК 81`373.4
УДК определител =20=40=774:796.032
УДК - код + определител 81`373.4=20=40=774:796.032
139 ## - Редно поле
Редна дума Lexique anglais, francais, grec des sports olympiques
Авторски знак Lew - L 63
245 10 - Сведения за заглавието
Заглавие Lexique anglais, francais, grec des sports olympiques
Подзаглавни данни Jeux d'ete : T.1-2
Том T. 1
246 11 - Различни форми на заглавието
Паралелно заглавие English-French-Greek lexicon of Olympic sports : Summer Games : Vol. 1-2
257 ## - Страна на издаване
Страна на създаване/издаване Франция
260 ## - Област на издателските данни
-- Paris
Име на издателя, разпространителя и проч. INSEP
Година на издаване 2004
300 ## - Физическа характеристика
Размери/Мащаб 19 см
380 ## - Жанр
Жанр 793/799 Спорт
650 #4 - Допълнително описание по предмет – тема
Основно описание – тема или топоним Олимпийски игри - терминология - речници, многоезични
9 (RLIN) 312419
653 ## - Ключова дума – ненормативна
Ключова дума Олимпийски игри
653 ## - Ключова дума – ненормативна
Ключова дума многоезични речници
653 ## - Ключова дума – ненормативна
Ключова дума терминологични речници
760 1# - Описание на основната серия
-- - на том
Място на издаване, издател и година INSEP
Страници - том 594 c.
Заглавие T. 1
852 ## - Местоположение
Форматна сигнатура Цб 165594
856 4# - Електронен адрес и достъп
Електронен формат pdf - файл
Път до файла /url/
856 4# - Електронен адрес и достъп
Електронен формат pdf - файл
Път до файла /url/
942 ## - АРТИКУЛИ
Вид на библиотечния материал Книги
Скрит в OPAC Не
944 ## - СЪЗДАВАНЕ И РЕДАКЦИЯ на ЗАПИСА
Създаване/Редакция Създаване
Дата на регистрацията/редакция 16.03.2006
Служител, извършил регистрацията/редакцията Валя_Йорданова
944 ## - СЪЗДАВАНЕ И РЕДАКЦИЯ на ЗАПИСА
Създаване/Редакция Редакция
Дата на регистрацията/редакция 18.05.2006
Служител, извършил регистрацията/редакцията
999 ## - СИСТЕМНИ КОНТРОЛНИ НОМЕРА
Koha biblionumber 112137
Koha biblioitemnumber 112137
Наличности
Код за отписване Код за изгубен артикул Източник на класификационната схема Код за повреда Коз за рестрикции Код за отдаване Артикулен № Име на библиотеката - собственик Име на библиотеката, в която се намира в момента Статус (Текущо местоположение) Дата на вписване в системата Местоположение - отдел Цена в лева Инвентарен номер Систематично азбучна сигнатура Баркод Номер на екземпляра Цена в евро Служебна бележка Служебен тип на артикула
  Не е изгубен Universal Decimal Classification Не е повреден без рестрикции ползва се в читалня 179870 Регионална библиотека "Любен Каравелов" Русе Регионална библиотека "Любен Каравелов" Русе Читалня 4 - справочен фонд 2006-05-18 Читалня 4 - справочен фонд 10.00 120000702096 С4 79(038)/L 63 120000702096 1 5.11 Дост: DA Вид: А N: 10 Дата: 18.05.2006 Дата инв: 12.06.2017 Бележки инв: С42017 Книги
Vip Innovations Ltd, Rousse, Bulgaria 2025